Mixed Word: Types of Wood Quiz Stats

Quiz Updated Sep 27, 2017

Challenge
Share
Tweet
Embed
Score 0/15 Timer 02:00
1 Play Today
Mixed Word Wood Type % Correct
IRFFIR
99.5%
SHAASH
99.2%
NIPEPINE
98.6%
PALEMMAPLE
87.5%
RHBICBIRCH
86.3%
KETATEAK
85.3%
RHECRYCHERRY
76.5%
GAMYANOHMAHOGANY
63.2%
Mixed Word Wood Type % Correct
SYESPRCCYPRESS
59.1%
RIKCHOYHICKORY
58.2%
CREADCEDAR
53.2%
DODOWERREDWOOD
52.2%
TWUNLAWALNUT
51.9%
PPALORPOPLAR
42.6%
PYLTUSLYPTUS
17.1%

You're not logged in!

Compare scores with friends on all Sporcle quizzes.
Sign Up with Email
OR
Log In

You Might Also Like...

Show Comments

Extras

Top Quizzes Today


Score Distribution

Your Account Isn't Verified!

In order to create a playlist on Sporcle, you need to verify the email address you used during registration. Go to your Sporcle Settings to finish the process.